000 00517nam a2200205Ia 4500
003 OSt
005 20250702094453.0
008 210210b1983 xxu||||| |||| 00| 0 eng d
040 _cAL
041 _aeng
082 _a338.9 TANE
100 _aTaneja M L
_946690
245 _aEconomics of development and planning
260 _aJalandhar
_bShoban Lal Nagin Chand & Co
_c1983
300 _avi,776
690 _aEconomic Development
_946691
700 _aSharma, L R
_9216818
906 _a036055
942 _2ddc
_cBK
999 _c86840
_d86840